01531nam a2200409 a 450000100060000000300090000600500170001500600150003200800410004701500120008801600300010001700530013002000150018303500210019804000280021904100120024708000150025908200130027410000290028724000480031624501490036425000320051326000280054530000210057349000230059449000250061759400560064265000210069870000230071983000410074292600470078394200120083095600060084298001090084899900170095795201470097426111CO-ViMGA20230915232147.0Mimo0002269397141112s2004 ck r 000 u spa d aMON0710 abimoBNE20070708487 SpMaBN aB 2722 - 2006 Oficina Depósito Legal Barcelona a8426135196 a(OCoLC)434508943 aCO-ViMGAbspacCO-ViMGA aspa ger a087.5 : 8204a838 B57A1 aBonsels, Waldemar940755 aDie Biene Maja und ihre Abenteuer Español10aLas aventuras de la abeja Maya / cWaldemar Bonsels ; ilustraciones de J. Vinyals ; traducción de Carlos Guerendiain y Carlos del Corral Casal a1a. ed. en esta colección aBarcelona Juventud 2006 a150 p. il. 22 cm aColeccion Juventud aColección Juventud aTraducción de : Die Biene Maja und ihre Abenteuer14aCuentos alemanes1 aVinyals, J.940756 aJuventud (Editorial Juventud)940757 aBNALCALA SG_PETANTI 12/458320 FONDO_MODE 1 2ddccBK a2 a017. B 2722 - 2006 020. 84 - 261 - 3519 - 6 852. 40 M - BN BNALCALA MO05252278 12/458320 DG ALCALA c33332d33332 00102ddc40708003aMEVIECARbMEVIECARd2015-12-04h18/nov/2014l1o838 B57A p27497r2022-10-20 00:00:00s2022-10-18tEj. 1w2015-12-04yBK